[Event "PNWCC Super G60 Mar Gp1"]
[Site "Chess.com INT"]
[Date "2021.03.27"]
[Round "2"]
[White "Wang, Jason"]
[Black "Fridman, Daniel"]
[Result "1/2-1/2"]
[WhiteElo "2312"]
[BlackElo "2601"]
[PlyCount "101"]
[EventDate "2021.03.27"]
[EventType "swiss (rapid)"]
[EventRounds "6"]
[EventCountry "USA"]
[SourceTitle "CBM 201 Extra"]
[Source "ChessBase"]
[SourceDate "2021.05.31"]
[SourceVersion "1"]
[SourceVersionDate "2021.05.31"]
[SourceQuality "1"]

1. d4 d5 2. c4 e6 3. Nc3 Be7 4. Nf3 Nf6 5. cxd5 exd5 6. Qc2 c6 7. h3 g6 8. Bh6 Bf5 9. Qc1 Ne4 10. g4 Nxc3 11. Qxc3 Be4 12. Bg2 Nd7 13. 0-0 f6 14. Nd2 Bxg2 15. Kxg2 Nb6 16. Qe3 Kf7 17. Qf3 Bb4 18. a3 Bxd2 19. Bxd2 Nc4 20. Bf4 Qe7 21. b3 Nb6 22. g5 Rhe8 23. e3 Nd7 24. gxf6 Qxf6 25. Bg3 Rac8 26. Rac1 Qxf3+ 27. Kxf3 c5 28. dxc5 Nxc5 29. b4 Ne4 30. Ke2 Rc4 31. Kd3 b5 32. Rc2 Re6 33. Rfc1 Ke7 34. a4 a6 35. axb5 axb5 36. Rxc4 dxc4+ 37. Kd4 Nxg3 38. fxg3 Rc6 39. Kd5 Kd7 40. e4 g5 41. e5 Rh6 42. Ra1 Rb6 43. e6+ Ke7 44. Ra7+ Kd8 45. Ra8+ Ke7 46. Ra7+ Kd8 47. Rxh7 c3 48. Rh8+ Ke7 49. Rh7+ Kd8 50. Rh8+ Ke7 51. Rh7+ 1/2-1/2

[Event "PNWCC Super G60 Mar Gp1"]
[Site "Chess.com INT"]
[Date "2021.03.27"]
[Round "3"]
[White "Yan, Rui Yang"]
[Black "Wang, Jason"]
[Result "1/2-1/2"]
[WhiteElo "2093"]
[BlackElo "2312"]
[PlyCount "75"]
[EventDate "2021.03.27"]
[EventType "swiss (rapid)"]
[EventRounds "6"]
[EventCountry "USA"]
[SourceTitle "CBM 201 Extra"]
[Source "ChessBase"]
[SourceDate "2021.05.31"]
[SourceVersion "1"]
[SourceVersionDate "2021.05.31"]
[SourceQuality "1"]

1. e4 c5 2. Nf3 e6 3. d4 cxd4 4. Nxd4 a6 5. c4 Nf6 6. Nc3 Qc7 7. a3 b6 8. Be2 Bb7 9. f3 Be7 10. Be3 0-0 11. 0-0 d6 12. Qd2 Nbd7 13. Rac1 Rac8 14. Rfd1 Qb8 15. b4 Rfe8 16. Nb3 h6 17. Bf1 Ba8 18. Qf2 Bd8 19. Kh1 Bc7 20. g3 Bb7 21. Kg1 Kh8 22. Nd4 Rg8 23. Rb1 Qa8 24. Be2 g5 25. g4 Kg7 26. h4 Kf8 27. Rbc1 Qb8 28. h5 Kg7 29. b5 a5 30. Nc6 Bxc6 31. bxc6 Nc5 32. Nb5 Ne8 33. Rb1 Rd8 34. Bf1 e5 35. Qb2 Na4 36. Qb3 Nc5 37. Qb2 Na4 38. Qb3 1/2-1/2

[Event "PNWCC Super G60 Jan Gp1"]
[Site "Chess.com INT"]
[Date "2021.01.16"]
[Round "1"]
[White "Fedoseev, Vladimir1"]
[Black "Wang, Jason"]
[Result "1-0"]
[WhiteElo "2687"]
[BlackElo "2312"]
[PlyCount "133"]
[EventDate "2021.01.16"]
[EventType "swiss"]
[EventRounds "6"]
[EventCountry "USA"]
[SourceTitle "CBM 200 Extra"]
[Source "ChessBase"]
[SourceDate "2021.03.31"]
[SourceVersion "1"]
[SourceVersionDate "2021.03.31"]
[SourceQuality "1"]

1. e4 c5 2. Nf3 e6 3. d4 cxd4 4. Nxd4 a6 5. c4 Nf6 6. Nc3 Bb4 7. f3 Qc7 8. Be3 0-0 9. Qb3 Bxc3+ 10. Qxc3 d6 11. Rc1 e5 12. Nc2 Be6 13. Nb4 Nbd7 14. Be2 Rfc8 15. 0-0 a5 16. Nd5 Bxd5 17. cxd5 Qxc3 18. Rxc3 Rxc3 19. bxc3 Rc8 20. c4 Kf8 21. Rb1 b6 22. Bxb6 Rb8 23. c5 Ke7 24. Rb5 Nxb6 25. cxb6 a4 26. Rb4 Nd7 27. Rxa4 Rxb6 28. Ra7 Rb2 29. Bc4 Rb4 30. Bb3 Kd8 31. Kf2 Kc8 32. Ke3 Rb7 33. Ra8+ Rb8 34. Ra3 Nc5 35. g3 Kb7 36. Ba4 Kb6 37. Bc6 Rc8 38. Rc3 Rc7 39. Rc4 Ka5 40. a3 Na6 41. f4 f6 42. Rc2 Kb6 43. Rb2+ Ka7 44. a4 Nb8 45. Bb5 Rc3+ 46. Kd2 Rc5 47. Rb3 Kb6 48. fxe5 fxe5 49. h4 Na6 50. Bxa6+ Kxa6 51. Rc3 Ra5 52. Rc6+ Kb7 53. Rxd6 Rxa4 54. Ke3 Kc7 55. Re6 Ra3+ 56. Kf2 Kd7 57. Rxe5 Kd6 58. Re6+ Kc5 59. d6 Ra7 60. e5 Kd5 61. Re7 Ra2+ 62. Kf3 Ra3+ 63. Kf4 Ra4+ 64. Kf5 Ra8 65. d7 Rf8+ 66. Kg4 Rd8 67. e6 1-0

[Event "PNWCC WOW op"]
[Site "Chess.com INT"]
[Date "2020.12.28"]
[Round "8"]
[White "Vocaturo, Daniele"]
[Black "Wang, Jason"]
[Result "1-0"]
[WhiteElo "2617"]
[BlackElo "2312"]
[PlyCount "51"]
[EventDate "2020.12.26"]
[EventType "swiss"]
[EventRounds "9"]
[EventCountry "USA"]
[SourceTitle "CBM 200 Extra"]
[Source "ChessBase"]
[SourceDate "2021.03.31"]
[SourceVersion "1"]
[SourceVersionDate "2021.03.31"]
[SourceQuality "1"]

1. d4 d5 2. Nf3 c5 3. c4 dxc4 4. e4 cxd4 5. Qxd4 Qxd4 6. Nxd4 Bd7 7. Bxc4 Nc6 8. Be3 Nf6 9. f3 e6 10. Nxc6 Bxc6 11. Nd2 Nd7 12. Nb3 Rc8 13. Rc1 Ba4 14. Kf2 Bxb3 15. axb3 Bc5 16. Bxc5 Rxc5 17. b4 Rc8 18. Bxe6 Ke7 19. Bh3 Rc6 20. b5 Rd6 21. Rc7 Rb8 22. e5 Rd5 23. Rhc1 Kd8 24. f4 a6 25. b6 Ke8 26. Rc8+ 1-0

[Event "PNWCC WOW op"]
[Site "Chess.com INT"]
[Date "2020.12.26"]
[Round "1"]
[White "Wang, Jason"]
[Black "Sjugirov, Sanan"]
[Result "0-1"]
[WhiteElo "2312"]
[BlackElo "2663"]
[PlyCount "66"]
[EventDate "2020.12.26"]
[EventType "swiss"]
[EventRounds "9"]
[EventCountry "USA"]
[SourceTitle "CBM 200 Extra"]
[Source "ChessBase"]
[SourceDate "2021.03.31"]
[SourceVersion "1"]
[SourceVersionDate "2021.03.31"]
[SourceQuality "1"]

1. d4 Nf6 2. c4 e6 3. Nf3 d5 4. Nc3 Bb4 5. Qa4+ Nc6 6. e3 0-0 7. Bd2 a6 8. Qc2 Re8 9. Bd3 Bd6 10. a3 h6 11. 0-0-0 dxc4 12. Bxc4 b5 13. Bd3 b4 14. Ne4 Bd7 15. Ne5 bxa3 16. Nxf6+ gxf6 17. Nxc6 a2 18. Nxd8 a1Q+ 19. Qb1 Qxb1+ 20. Kxb1 Rexd8 21. Ba5 Rdb8 22. Rc1 Ra7 23. Rhd1 f5 24. Rc3 Kf8 25. Be2 Ke7 26. Ka2 Rab7 27. b3 e5 28. dxe5 Bxe5 29. Rc5 Bd6 30. Rc3 Be6 31. Rb1 Be5 32. Rd3 c5 33. Bc3 Rxb3 0-1

[Event "Wch FIDE Online U14 America qual"]
[Site "Tornelo INT"]
[Date "2020.12.04"]
[Round "7"]
[White "Wang, Jason"]
[Black "Campos Gomez, Manuel"]
[Result "1-0"]
[WhiteElo "2312"]
[BlackElo "1604"]
[PlyCount "93"]
[EventDate "2020.12.01"]
[EventType "swiss (rapid)"]
[EventRounds "7"]
[EventCountry "ISS"]
[SourceTitle "EXT 2022"]
[Source "ChessBase"]
[SourceDate "2021.10.06"]
[SourceVersion "1"]
[SourceVersionDate "2021.10.06"]
[SourceQuality "1"]

1. d4 Nf6 2. c4 b6 3. Nf3 Bb7 4. Nc3 e6 5. a3 d5 6. Bf4 Bd6 7. Bxd6 Qxd6 8. cxd5 exd5 9. e3 c6 10. Bd3 0-0 11. 0-0 Nbd7 12. Qc2 Rfe8 13. Rfd1 Rac8 14. b4 Ra8 15. b5 c5 16. dxc5 Nxc5 17. Bf1 Rac8 18. Qb2 Qe7 19. Ne2 Nfe4 20. Nf4 Red8 21. Nd4 Qf6 22. g3 Na4 23. Qb4 Nac3 24. Re1 g5 25. Nd3 Rc4 26. Qb2 Na4 27. Qe2 Bc8 28. Bg2 Nac3 29. Qf3 Qxf3 30. Bxf3 Nd6 31. Nc6 Re8 32. Nxa7 Ndxb5 33. Nxb5 Nxb5 34. Bxd5 Rc3 35. Nb4 Nxa3 36. Rec1 Rxc1+ 37. Rxc1 Be6 38. Ra1 Nb5 39. Bc6 Nd6 40. Bxe8 Nxe8 41. Ra8 Bd7 42. Nd5 Kg7 43. Nxb6 Bc6 44. Rc8 Bb5 45. Rc5 Bd3 46. Rxg5+ Bg6 47. h4 1-0

[Event "Wch FIDE Online U14 America qual"]
[Site "Tornelo INT"]
[Date "2020.12.03"]
[Round "5"]
[White "Wang, Jason"]
[Black "Chavez Duero, Brayan Steven"]
[Result "1/2-1/2"]
[WhiteElo "2312"]
[BlackElo "1879"]
[PlyCount "109"]
[EventDate "2020.12.01"]
[EventType "swiss (rapid)"]
[EventRounds "7"]
[EventCountry "ISS"]
[SourceTitle "EXT 2022"]
[Source "ChessBase"]
[SourceDate "2021.10.06"]
[SourceVersion "1"]
[SourceVersionDate "2021.10.06"]
[SourceQuality "1"]

1. d4 Nf6 2. c4 g6 3. Nc3 Bg7 4. e4 d6 5. Nf3 0-0 6. h3 Na6 7. Be3 c5 8. d5 Nc7 9. Bd3 Rb8 10. 0-0 e6 11. e5 dxe5 12. Bxc5 Re8 13. Bxa7 Ra8 14. Bb6 exd5 15. Nb5 Re7 16. Bxc7 Rxc7 17. Nxc7 Qxc7 18. Be2 d4 19. Re1 Nh5 20. Bf1 Nf4 21. Qd2 Bd7 22. g3 Ne6 23. Bg2 Bc6 24. Nh4 Bxg2 25. Nxg2 Qxc4 26. b3 Qd5 27. Ne3 Qd8 28. Ng4 Ng5 29. Nh2 Nxh3+ 30. Kg2 Ng5 31. f3 h6 32. Rac1 Qd7 33. Kg1 Qh3 34. Qf2 Qe6 35. Kh1 Qa6 36. f4 exf4 37. gxf4 Ne6 38. f5 Ng5 39. fxg6 fxg6 40. Rc7 Qd6 41. Rxb7 Qd5+ 42. Qg2 Qxg2+ 43. Kxg2 Rxa2+ 44. Kh1 Rxh2+ 45. Kxh2 Nf3+ 46. Kg3 Nxe1 47. Kf4 Nd3+ 48. Kf3 g5 49. b4 h5 50. Ke4 Nf4 51. b5 Ne6 52. Kd5 Nf4+ 53. Ke4 Ne6 54. Kd5 Nf4+ 55. Ke4 1/2-1/2